Music Quiz

Random Music or Numbers Quiz

Beatles #1 Singles Quiz Stats

 Plays Quiz Updated Oct 12, 2018

Support Sporcle.
Go Orange.
Score 0/28 Timer 08:00
1 Play Today
Song % Correct
Hey Jude
76.6%
Yellow Submarine
73.9%
Help!
68%
Let It Be
67.3%
Yesterday
60.9%
I Want to Hold Your Hand
59.9%
A Hard Day's Night
54%
Love Me Do
52.6%
Eleanor Rigby
51.7%
She Loves You
51%
Penny Lane
49.4%
Come Together
49%
All You Need Is Love
45.7%
Eight Days a Week
43.4%
Song % Correct
Paperback Writer
41.9%
The Long and Winding Road
39.1%
Something
39.1%
Can't Buy Me Love
38.6%
Get Back
38.3%
Ticket to Ride
37.9%
Lady Madonna
35%
Day Tripper
34.5%
Hello, Goodbye
34.5%
Ballad of John and Yoko
29.6%
I Feel Fine
24.9%
From Me to You
23.9%
We Can Work It Out
23.4%
For You Blue
7.2%

From the Vault

Which Logo Is MLB? (Minefield)

by lolshortee

Sports 90s
This is sure to be a hit!
Remove Ads.
Support Sporcle.
Get the best of Sporcle when you Go Orange. This ad-free experience offers more features, more stats, and more fun while also helping to support Sporcle. Thank you for becoming a member.

Show Comments

Extras

Top Quizzes Today


Score Distribution

Your Account Isn't Verified!

In order to create a playlist on Sporcle, you need to verify the email address you used during registration. Go to your Sporcle Settings to finish the process.

Report this User

Report this user for behavior that violates our Community Guidelines.

Details: